000 00215 a2200097 4500
001 14813
100 _aSaiyidan
245 _aIqbal's education philosophy
260 _aLahore
_bSh M Ashraf
_c
090 _c11591
_d11591
942 _aNUST-CAE
_cM
_c1771
999 _c249886
_d249886